1935 1362 1074 1934 1094 1863 1741 1085 1550 1530 1591 1491 1660 1035 1503 1898 1930 1890 1432 1367 1088 1840 1620 1683 1782 1436 1497 1459 1911 1571 1618 1853 1727 1552 1566 1686 1148 1484 1451 1938 1379 1606 1301 1033 1559 1625 1072 1725 1220 1959 1195 1441 1169 1111 1091 1853 1424 1346 1523 1936 1985 1258 1039 1857 1260 1045 1459 1800 1411 1248 1961 1973 1559 1109 1699 1163 1606 1741 1404 1905 1412 1119 1436 1499 1831 1350 1848 1175 1642 1487 1329 1024 1071 1581 1362 1139 1435 1645 1178 BCNSPRNW ULIB Ver.6.0+V

เปลี่ยนเป็นภาษาไทย

Change to English
 แสดงรายละเอียดบรรณานุกรม
  กลับหน้าหลัก

Brief Record : Get Marc (ISO 2709) : E-mail record : QR code < ปิดหน้าต่าง
LEADER : 00000nam 2200000uu 4500
001    13399128658
003     ULIB
008    230926s2564||||th 000 0 tha d
020    ^a9789740339984
060 04 ^aQU4^bช445ช
100 0  ^aชัยสิทธิ์ สิทธิเวช
245 10 ^aชีวเคมีทางการแพทย์/^cชัยสิทธิ์ สิทธิเวช
246 31 ^aMedical biochemistry
250    ^aพิมพ์ครั้งที่ 2
260    ^aกรุงเทพฯ :^bสำนักพิมพ์จุฬาลงกรณ์มหาวิทยาลัย,^c2564
300    ^a870 หน้า :^bภาพประกอบ ;^c26 ซม.
504    ^aมีบรรณานุกรมและดัชนี
650  2 ^aBiochemistry
650  2 ^aMetabolism
650  2 ^aMedicine
650  4 ^aชีวเคมี
650  4 ^aเมตะบอลิสม
856    ^a^zสารบัญ^uhttps://drive.google.com/file/d/1aHLk8zlXwkEzTSKAFMDkvPOITfMo_zws/view?usp=share_link
945    ^p580^l0^i30019
945    ^p580^l0^i30020
999    ^aกัณชพร จุลอักษร
รายการนี้ยังไม่มีแท็ก
คุณยังไม่ได้ล็อกอิน คุณสามารถมีกิจกรรมร่วมกับเว็บไซต์ได้ แต่ต้องล็อกอินก่อน ::
  ล็อกอิน

รายการสื่อสารสนเทศ

ลำดับที่ ประเภท เลขเรียก/บาร์โค้ด สถานที่ สถานะ
1. หนังสือสำรอง
หนังสือสำรอง
QU4 ช445ช ฉ.1 
  Barcode: 30019
ห้องสมุดวิทยาเขตนครสวรรค์
►หนังสือทั่วไป:l:General Books
บนชั้น
2. วิทยาศาสตร์การแพทย์ และสุขภาพ
วิทยาศาสตร์การแพทย์ และสุขภาพ
QU4 ช445ช ฉ.2 
  Barcode: 30020
ห้องสมุดวิทยาเขตนครสวรรค์
►หนังสือทั่วไป:l:General Books
บนชั้น

รายการใกล้เคียง
    ผู้แต่ง [ชัยสิทธิ์ สิทธิเวช]

    หัวเรื่อง [Biochemistry]
    หัวเรื่อง [Metabolism]
    หัวเรื่อง [Medicine]
    หัวเรื่อง [ชีวเคมี]
    หัวเรื่อง [เมตะบอลิสม]

BibComment


ยังไม่เคยถูกคอมเมนท์

คอมเมนท์ทรัพยากรรายการนี้
  คอมเมนท์: ชีวเคมีทางการแพท..


 Copyright 2026. Bcnsprnw @Library